000 00361nam a2200133Ia 4500
999 _c4448
_d4448
008 200103s9999||||xx |||||||||||||| ||und||
082 _aColumn-10
100 _aAdmiralty
245 0 _aSymbols and Abbreviations used on Admiralty Charts 5011
250 _aChart 5011
260 _bAdmirality Charts and Publications
_c1991
_aTaunton
300 _a75
942 _cBK